000 00690nam a22002297a 4500
001 1060
003 BR-CuiBMT
005 20231127234939.0
008 231127s2017 baba 000 0 por d
040 _aBR-CuiBMT
_cBR-CuiBMT
080 _22007
_a657.633
090 _a657.633
_bB151m
110 1 0 _aBahia
_bTribunal de Contas do Estado
245 1 0 _aManual da auditoria interna /
_cTribunal de contas do Estado da Bahia.
260 _aSalvador :
_bTCE,
_c2017.
300 _a148 p. :
_bil.
_c21 cm
504 _ainclui bibliografia.
650 _aAuditoria interna
_zBrasil
650 _aControle interno
_zBrasil
650 _aAdministração pública
_xControle
_zBrasil
942 _2udc
_cLV
999 _c1060
_d1060